Surveying Safely (Record no. 102004)

MARC details
000 -LEADER
fixed length control field 01245cam a2200277 4500
001 - CONTROL NUMBER
control field J117488
008 - FIXED-LENGTH DATA ELEMENTS--GENERAL INFORMATION
fixed length control field 020416n2002 000 0 eng u
035 ## - SYSTEM CONTROL NUMBER
System control number (Sirsi) u117488
041 ## - LANGUAGE CODE
Language code of text/sound track or separate title eng.
050 ## - LIBRARY OF CONGRESS CALL NUMBER
Classification number 344.410465
110 ## - MAIN ENTRY--CORPORATE NAME
Corporate name or jurisdiction name as entry element Royal Institution of Chartered Surveyors
Subordinate unit Construction Faculty
9 (RLIN) 4214
245 ## - TITLE STATEMENT
Title Surveying Safely
Remainder of title a commitment to personal safety
250 ## - EDITION STATEMENT
Edition statement 2nd.
260 ## - PUBLICATION, DISTRIBUTION, ETC.
Place of publication, distribution, etc. London
Name of publisher, distributor, etc. RICS
Date of publication, distribution, etc. 2002
300 ## - PHYSICAL DESCRIPTION
Extent 8p.
Dimensions 30cm.
520 ## - SUMMARY, ETC.
Summary, etc. This guidance prepared by the RICS Construction Faculty highlights the importance of health and safety in the workplace. Discusses risk assessment, how to identify hazards and the legal duties of surveyors. Suggests key points for consideration and provides practical examples. Includes a bibliography of Heath and Safety Executive publications and a mind map for surveyors and sites. View at www.rics.org/resources/surveying_safely/.
520 ## - SUMMARY, ETC.
Summary, etc. Supersedes first edition (ISBN 0854064915).
520 ## - SUMMARY, ETC.
Summary, etc. Superseded by 2004 edition (J127781).
650 ## - SUBJECT ADDED ENTRY--TOPICAL TERM
Topical term or geographic name entry element ABOUT RICS-RICS MEMBERS
650 ## - SUBJECT ADDED ENTRY--TOPICAL TERM
Topical term or geographic name entry element PERSONAL SAFETY
650 ## - SUBJECT ADDED ENTRY--TOPICAL TERM
Topical term or geographic name entry element SAFETY
650 ## - SUBJECT ADDED ENTRY--TOPICAL TERM
Topical term or geographic name entry element SURVEYING SAFELY
650 ## - SUBJECT ADDED ENTRY--TOPICAL TERM
Topical term or geographic name entry element RISK ASSESSMENT
690 ## - LOCAL SUBJECT ADDED ENTRY--TOPICAL TERM (OCLC, RLIN)
Topical term or geographic name as entry element BUILT ENVIRONMENT-BUILDING STANDARDS
942 ## - ADDED ENTRY ELEMENTS (KOHA)
Suppress in OPAC 0
Source of classification or shelving scheme Dewey Decimal Classification
Holdings
Withdrawn status Lost status Source of classification or shelving scheme Damaged status Not for loan Home library Current library Shelving location Date acquired Total Checkouts Full call number Barcode Date last seen Copy number Price effective from Koha item type Date last checked out
    Dewey Decimal Classification     Historic collection Historic collection RICS Boxes 14/08/2012   RICS 2002/4 30077581 06/08/2019 1 06/08/2019 Archive  
    Dewey Decimal Classification     London London RICS Boxes 16/04/2002   RICS 2002/4 30065699 06/08/2019 1 06/08/2019 Archive  
  Missing       London London Missing 16/04/2002   RICS 2002/4 30065727 06/08/2019 2 06/08/2019 Reference material  
    Dewey Decimal Classification     London London RICS Boxes 16/04/2002 10 RICS 2002/4 30065723 06/08/2019 3 06/08/2019 Book 13/10/2004
    Dewey Decimal Classification     London London RICS Boxes 16/04/2002 5 RICS 2002/4 30078211 06/08/2019 4 06/08/2019 Book 12/10/2004